| 000 | 01199cam a2200313 a 4500 | ||
|---|---|---|---|
| 999 |
_c129830 _d129830 |
||
| 001 | 17159115 | ||
| 003 | ARRUPE | ||
| 005 | 20190912113903.0 | ||
| 008 | 120210r20121974enka b 001 0 eng | ||
| 010 | _a 2011052705 | ||
| 020 | _a9780415664738 (hbk.) | ||
| 020 | _a9780415665414 (pbk.) | ||
| 020 | _a9780203111673 (ebk.) | ||
| 040 |
_aDLC _cDLC _dDLC |
||
| 042 | _apcc | ||
| 050 | 0 | 0 |
_aRC488.5 _b.M55 2012 |
| 082 | 0 | 0 |
_a616.89/156 _223 |
| 100 | 1 |
_aMinuchin, Salvador. _948125 |
|
| 245 | 1 | 0 |
_aFamilies and family therapy / _cSalvador Minuchin. |
| 250 | _a[Rev.] ed. | ||
| 260 |
_aLondon ; _bTavistock Publications _c1974 |
||
| 300 |
_aviii, 268 p. : _bill. ; _c22 cm. |
||
| 650 | 0 |
_aFamily psychotherapy. _945329 |
|
| 650 | 0 |
_aFamilies. _912662 |
|
| 906 |
_a7 _bcbc _corignew _d1 _eecip _f20 _gy-gencatlg |
||
| 942 |
_2lcc _cMONOGRAPH |
||